Reimagining "one nation, one music" / (Record no. 51391)

MARC details
000 -LEADER
fixed length control field 00635nam a2200229Ia 4500
005 - DATE AND TIME OF LATEST TRANSACTION
control field 20260429111918.0
008 - FIXED-LENGTH DATA ELEMENTS--GENERAL INFORMATION
fixed length control field 260429s9999||||xx |||||||||||||| ||und||
020 ## - INTERNATIONAL STANDARD BOOK NUMBER
International Standard Book Number 9789394797079
041 ## - LANGUAGE CODE
Language English
082 ## - DEWEY DECIMAL CLASSIFICATION NUMBER
Classification number 781.60954
Item number DAS
100 ## - MAIN ENTRY--PERSONAL NAME
Personal name Das, Iman
245 #0 - TITLE STATEMENT
Title Reimagining "one nation, one music" /
Statement of responsibility, etc Iman Das
250 ## - EDITION STATEMENT
Edition statement 1st ed.
260 ## - PUBLICATION, DISTRIBUTION, ETC. (IMPRINT)
Place of publication, distribution, etc Haryana :
Name of publisher, distributor, etc Shubhi Publications,
Date of publication, distribution, etc 2022.
300 ## - PHYSICAL DESCRIPTION
Extent xii, 85 p.; hb
440 ## - SERIES STATEMENT/ADDED ENTRY--TITLE
Title Audio visual research monograph; 01
650 ## - SUBJECT ADDED ENTRY--TOPICAL TERM
Topical term or geographic name as entry element Indian music
650 ## - SUBJECT ADDED ENTRY--TOPICAL TERM
Topical term or geographic name as entry element Traditional music
700 ## - ADDED ENTRY--PERSONAL NAME
Personal name Mutthuswamy, Lalitha
700 ## - ADDED ENTRY--PERSONAL NAME
Personal name Mutthuswamy, Nandini
942 ## - ADDED ENTRY ELEMENTS (KOHA)
Koha item type Text Books
Holdings
Withdrawn status Lost status Damaged status Not for loan Collection code Home library Location Shelving location Date of Cataloging Source of acquisition Total Checkouts Full call number Barcode Date last seen Price effective from Koha item type
        Non-fiction CUTN Central Library CUTN Central Library Arts & Sports 29/04/2026 Shanti Books, Chennai - Invoice No. 3100 on 09-02-2026   781.60954 DAS 56358 29/04/2026 29/04/2026 Text Books